MDQL
is popping MORE tags! Check the
thread
!
Quizzes
Events
Quiz Creation
Community
Videos
Private Events
Remove Ads
Sign In
Join for FREE
Feedback
Dark Mode
Quiz Categories
Sports
Geography
Music
Movies
Television
Just For Fun
Miscellaneous
History
Literature
Language
Science
Gaming
Entertainment
Religion
Holiday
For Kids
Quiz Lab
Recent
Popular Today
Quiz Kudos Today
Editor Picks
Curator Picks
Quizzes by...
Day
Popularity
Type
Ratings
Length
Year
Community
Subscriptions
Recent Discussions
Orange Saloon
Badges
Playlists
Quests
Create
Leaderboards
Showdown
Live 5
Trivia Bingo
Activity
Puzzle Library
Sporcle Events
Private Events
Virtual Trivia
Globe League
Become a Host
Pub Owners
SporcleCon
Opinionation
Our Games
Videos
Blog
Mobile Apps
Partnerships
Remove Ads and Go Orange
Feedback
Sports
Athletes
MLB
NBA
NHL
NFL
Soccer
Sports Teams
WWE
NCAA
Football
Premier League
Basketball
Baseball
Hockey
Golf
Tennis
Cricket
Rugby
Auto Racing
Olympics
World Cup
Sports
Athletes
MLB
NBA
NHL
NFL
Soccer
Sports Teams
WWE
NCAA
Football
Premier League
Basketball
Baseball
Hockey
Golf
Tennis
Cricket
Rugby
Auto Racing
Olympics
World Cup
Random Quiz
Search Sporcle
×
Quiz Lab
Quiz Lab
Sports
Clickable
Select answers by clicking on text or image buttons
Select answers by clicking on text or image buttons
Clickable
Best Score? Go Orange.
Wrestlemania Main Events (clickable) Stats
Can you pick the Wrestlemania Main Event matches (clickable)?
By
dmarshall93
20m
43 Questions
102 Plays
102 Plays
102 Plays
Comments
Comments
Give Quiz Kudos
Give Quiz Kudos
-
- Ratings
hide this ad
More Info
Forced Order
Answers have to be entered in order
Answers have to be entered in order
Replay
Link that replays current quiz
Next Quiz
Link to next quiz in quiz playlist
You Got
0%
They Got
Avg Score
55%
Avg Friend Score
Upgrade to see
Score Distribution
Jump to the score distribution portion of the page
Score
0/43
Timer
20:00
0
Plays Today
% Correct
Hulk Hogan & Mr. T vs Roddy Piper and Paul Orndorff
94.1%
Hulk Hogan (c) vs Andre the Giant
94.1%
Hulk Hogan (c) vs King Kong Bundy (Steel Cage Match)
88.2%
Randy Savage vs Ted Dibiase
81.4%
Randy Savage (c) vs Hulk Hogan
79.4%
Sgt. Slaughter (c) vs Hulk Hogan
73.5%
The Ultimate Warrior (c) vs Hulk Hogan (c)
71.6%
Triple H (c) vs The Rock vs Big Show vs Mick Foley
70.6%
Triple H (c) vs Chris Benoit vs Shawn Michaels
70.6%
Brock Lesnar (c) vs Roman Reigns vs Seth Rollins
69.6%
John Cena (c) vs Shawn Michaels
68.6%
Shawn Michaels (c) vs Steve Austin
67.6%
Yokozuna (c) vs Hulk Hogan
66.7%
The Rock (c) vs Steve Austin I
66.7%
Triple H (c) vs Batista
66.7%
The Miz (c) vs John Cena
66.7%
Randy Orton (c) vs Batista vs Daniel Bryan
66.7%
Roman Reigns vs The Undertaker
66.7%
Hulk Hogan vs Sid Justice
65.7%
Bret Hart (c) vs Shawn Michaels
65.7%
Sycho Sid (c) vs The Undertaker
65.7%
The Rock (c) vs Steve Austin II
65.7%
% Correct
John Cena (c) vs Triple H
65.7%
The Usos (c) vs Kevin Owens & Sami Zayn
65%
Yokozuna (c) vs Bret Hart
64.7%
Chris Jericho (c) vs Triple H
64.7%
John Cena vs The Rock
64.7%
The Rock (c) vs John Cena
64.7%
Edge (c) vs The Undertaker
63.7%
Triple H (c) vs Randy Orton
62.7%
Brock Lesnar (c) vs Roman Reigns
62.5%
Kurt Angle (c) vs Brock Lesnar
61.8%
Lawrence Taylor vs Bam Bam Bigelow
60.8%
Sasha Banks (c) vs Bianca Belair
60%
Roman Reigns (c) vs Edge vs Daniel Bryan
60%
Triple H (c) vs Roman Reigns
57.8%
Roman Reigns (c) vs Cody Rhodes
55%
Brock Lesnar (c) vs Drew McIntyre
52.5%
Steve Austin vs Kevin Owens
50%
Roman Reigns (c) vs Brock Lesnar (c)
50%
Ronda Rousey (c) vs Becky Lynch vs Charlotte Flair(c)
47.5%
Shawn Michaels vs The Undertaker II
46.1%
15%
Quiz Playlist
Details
Report
Send in Message
Add To Playlist
More Info:
Pick the matches which closed each Wrestlemania.
Clickable:
Select answers by clicking on text or image buttons
Forced Order:
Answers have to be entered in order
Last Updated: Nov 25, 2023
Quiz Scoreboard
CHALLENGE
Sign Up to Join the Scoreboard
Show All
Scores
Hide
Comments
May contain spoilers
Recently Published
Holiday 10x10 Sorting Gallery
by lukepisani3
Holiday
15m
Two Season TV Shows II
by 123Four
Television
10m
Image Sorting: Flags VI
by Barbecue
Geography
2m
More to Explore
Quiz From the Vault
Featured Blog Post
14 Easter Pick-up Lines to Find Eggs With
hide this ad
You Might Also Like...
Tags
Clickable Quiz
Event
participant
Wrestlemania
Today's Top Quizzes in Sports
Browse Sports
hide this ad
Today's Top Quizzes in Clickable
Browse Clickable
Top Contributed Quizzes in Sports
1
Les meilleurs buteurs des matchs entre le PSG et l’OM
2
Les entraîneurs de l'OM et du PSG au 21e siècle
3
2022 World Cup Stars
4
Les joueurs passés par le PSG et l'OM
5
Players with Multiple 50 Home Run Seasons
6
FIFA Club World Cup Champions
7
Criteria MLB: Left Handed Sluggers
8
Les joueurs passés par le LOSC et le RC Lens
9
Top 10 NHL Goal Scorers of All Time
10
NBA Logic Puzzle 2.0
Explore More
Trending Topics
Marvel
Disney
Crossword
Kpop
Harry Potter
Anime
NBA
Song
Country
The Office
Puzzle
NFL
WWE
Pokémon
Soccer
hide this ad
More By:
dmarshall93
Quiz
Plays
Rating
Category
Featured
Created
Harry Potter Who Wants to be a Millionaire
6,234
4.40
Literature
May 11, 2018
Formula 1 Race Winners 2010-present
964
4.50
Sports
Mar 9, 2015
Formula 1 Race Winners 2000-2009
784
4.00
Sports
Mar 9, 2015
Events of the Third Age
564
3.00
Literature
Dec 24, 2014
Harry Potter Numbers - Multiple Choice Trivia
273
4.71
Literature
Apr 24, 2018
Go to Creator's Profile
Score Distribution
Quiz Creator Spotlight
dmarshall93
Follow
Send a Message
Quizzes Created
-
Created Quiz Play Count
-
More By This Creator
Popular Quizzes Today
1
Find the US States - No Outlines Minefield
2
Colored Red Africa Blitz
3
Find the 'City' Movie
4
The Countries of the World
5
5x2 Blitz: Bands
6
Find the Countries of Europe - No Outlines Minefield
7
Find the US States
8
US States
More Sports Quizzes
Buffalo Sabres Leaders by Position
Published
Trending Quizzes
Colored Red Europe Blitz I
Colored Red Africa Blitz II
Colored Red Europe Blitz II
Even More Two Season TV Shows
Colored Red Africa Blitz III
Recently Updated
Odd Team Out - Big 4 Players
pecheneg
Quick Pick: 20 Twenties
pecheneg
March Madness Men's Triple Doubles
pecheneg
How Do You Spell That?
pecheneg
Godzilla Movies
pecheneg
Grab Bag: 4-10 Letters
pecheneg
2024 March Madness Bracket
pecheneg
Famous TV Couples
Peacemaker
Champions League XIs: Real Madrid
pecheneg
Largest US Cities 1790-2010
pecheneg
Trending Topics
Disney
Crossword
Harry Potter
Anime
Kpop
NBA
Marvel
Pokémon
The Office
Country
WWE
Puzzle
Soccer
Song
NFL
Your Account Isn't Verified!
In order to create a playlist on Sporcle, you need to verify the email address you used during registration. Go to your
Sporcle Settings
to finish the process.
Report this User
Report this user for behavior that violates our
Community Guidelines
.
Details:
Send Report
Go to the Sporcle.com Mobile Site →
Comments